Út a forráshoz – A hitelezés folyamata a gyakorlatban
| Main Author: | |
|---|---|
| Other Authors: | |
| Format: | Thesis |
| Kulcsszavak: | banki hitelbírálat banki hitelezés banki tevékenységek beruházás(ok) finanszírozása értékbecslés faktoring kis- és középvállalkozás - KKV szerződéskötés |
| Online Access: | http://dolgozattar.uni-bge.hu/60338 |
MARC
| LEADER | 00000nta a2200000 i 4500 | ||
|---|---|---|---|
| 001 | dolg60338 | ||
| 005 | 20260409150444.0 | ||
| 008 | 260409suuuu hu om 000 hun d | ||
| 040 | |a BGE Dolgozattár Repozitórium |b hun | ||
| 041 | |a hu | ||
| 100 | 1 | |a Ambriskó Ádám | |
| 245 | 1 | 0 | |a Út a forráshoz – A hitelezés folyamata a gyakorlatban |c Ambriskó Ádám |h [elektronikus dokumentum] |
| 520 | 3 | |a A dolgozat központi kérdése, hogy megéri-e egy vállalkozásnak külső finanszírozással élni, ha célja a növekedés, a kapacitásbővítés és a versenyképesség fenntartása. A kutatás célja, hogy feltárja, milyen tényezők befolyásolják a kis- és középvállalkozások finanszírozási döntéseit, valamint hogy a banki hitelezési folyamat miként támogatja vagy korlátozza a vállalati fejlődést. A vizsgálat középpontjában egy magyar építőipari vállalkozásesettanulmánya áll, amely a finanszírozás teljes folyamatát — a hitelkérelemtől a folyósításon át az utókövetésig — bemutatja. A kutatás kvalitatív módszertannal készült, mélyinterjúk és dokumentumelemzés alkalmazásával. Az eredmények szerint a külső források hatékonyan támogathatják a vállalati növekedést, ugyanakkor a sikeres hitelfelvétel előfeltétele a transzparens pénzügyi működés, a megfelelő fedezet és az előrelátó tervezés. A legnagyobb kihívást a hiányos dokumentáció, a kockázatkezelési elvárások és az adminisztratív terhek jelentik. A kutatás újdonságértéke abban rejlik, hogy a banki döntéshozatal és a vállalkozói szemlélet összevetésével gyakorlati képet ad a KKV-finanszírozás valóságáról Magyarországon. | |
| 695 | |a banki hitelbírálat | ||
| 695 | |a banki hitelezés | ||
| 695 | |a banki tevékenységek | ||
| 695 | |a beruházás(ok) finanszírozása | ||
| 695 | |a értékbecslés | ||
| 695 | |a faktoring | ||
| 695 | |a kis- és középvállalkozás - KKV | ||
| 695 | |a szerződéskötés | ||
| 700 | 1 | |a Tóth Dr. Arnold |e ths | |
| 856 | 4 | 0 | |u http://dolgozattar.uni-bge.hu/60338/1/Ambrisk%C3%B3%20%C3%81d%C3%A1m%20KMKC0A%20-%20Szakdolgozat.pdf |z Dokumentum-elérés |
| 856 | 4 | 0 | |u http://dolgozattar.uni-bge.hu/60338/2/%C3%9At%20a%20forr%C3%A1shoz%20%E2%80%93%20A%20hitelez%C3%A9s%20folyamata%20a%20gyakorlatba%20-%20Interj%C3%BA%20k%C3%A9rd%C3%A9sek.pdf |z Dokumentum-elérés |
| 856 | 4 | 0 | |u http://dolgozattar.uni-bge.hu/60338/3/Ambrisk%C3%B3%20%C3%81d%C3%A1m.pdf |z Dokumentum-elérés |